000
00328nam a22001337a 4500
008
181220b xxu||||| |||| 00| 0 eng d
020
_a
0933388523
041
_a
eng
080
_a
159.9
100
_a
48
101
_a
PSI
245
_a
Effective Counselling in Stuttering Therapy
_c
The Stuttering Foundation
942
_2
udc
_c
BK
999
_c
53540
_d
53540